Normal view MARC view

Entry Meeting Name

Number of records used in: 1

001 - CONTROL NUMBER

  • control field: 12274

003 - CONTROL NUMBER IDENTIFIER

  • control field: OSt

005 - DATE AND TIME OF LATEST TRANSACTION

  • control field: 20211105133503.0

008 - FIXED-LENGTH DATA ELEMENTS

  • fixed length control field: 211105|| aca||aabn | a|a d

040 ## - CATALOGING SOURCE

  • Original cataloging agency: OSt
  • Transcribing agency: OSt

111 ## - HEADING--MEETING NAME

  • Meeting name or jurisdiction name as entry element: Einstein Centennial Celebration Science Symposium
  • Location of meeting: Carbondale
  • Date of meeting or treaty signing: 1979 Feb 23-Mar 2

670 ## - SOURCE DATA FOUND

  • Source citation: Work cat.: (OSt): Einstein Centennial Celebration Science Symposium Carbondale 1979 Feb 23-Mar 2, the age of stonehenge, 1980

Powered by Koha